header

Writing a college handbook (Record no. 255116)

MARC details
000 -LEADER
fixed length control field 00354nam a22001217a 4500
008 - FIXED-LENGTH DATA ELEMENTS--GENERAL INFORMATION
fixed length control field 160826b xxu||||| |||| 00| 0 eng d
020 ## - INTERNATIONAL STANDARD BOOK NUMBER
International Standard Book Number 0393976572
050 ## - LIBRARY OF CONGRESS CALL NUMBER
Classification number PE1408
Item number .H4 2001
100 ## - MAIN ENTRY--PERSONAL NAME
Personal name Heffernan,James A.W.
245 ## - TITLE STATEMENT
Title Writing a college handbook
Remainder of title instruction's edition
250 ## - EDITION STATEMENT
Edition statement fifth edition
260 ## - PUBLICATION, DISTRIBUTION, ETC. (IMPRINT)
Place of publication, distribution, etc New York;W.W.Norton& Company,2001.
Holdings
Withdrawn status Lost status Source of classification or shelving scheme Damaged status Koha normalized classification for sorting Not for loan Koha collection Location (home branch) Sublocation or collection (holding branch) Shelving location Date acquired Koha issues (times borrowed) Koha full call number Piece designation (barcode) Koha date last seen Koha date last borrowed Price effective from Koha item type
    Library of Congress Classification   PE1408 H4 02001   Non-fiction Rongo University Library Rongo University Library General Stacks 26/08/2016 2 PE1408 .H4 2001 201615431 19/06/2017 12/05/2017 26/08/2016 Long Loan Books

© 2026 Rongo University
Contact us: librarian | system librarian | Rongo university